01071cam a2200253 a 4500001001300000003000400013005001700017008004100034010001700075040001300092050002100105100001800126240002500144245025800169246004100427260004800468300002800516500001000544546003900554500002000593500007800613700005000691700007600741ltf91050018 DLC20260227111553.0910520s1890 ii 001 d eng  altf91050018  aDLCcDLC00aPK3796b.M2 18900 aKālidāsa.10aMālavikāgnimitra10aMālavikāgnimitram /cKālidāsaviracitam ; Kāṭayavemabhūpaviracitena Kumāragirirājīyena vyākhyānena sametam ; Kāśīnātha Pāṇḍuraṅga Paraba ityanena viṣamapadavimarśinyā ṭippaṇyā sahitaṃ saṃśodhitam.15aMâlavikâgnimitra of Kâlidâsa aMumbaī :bNirṇayasāgarayantra,c1890. a108, 44, 2 p. ;c21 cm. aPlay. aIn Sanskrit with notes in English. aIncludes index. aLC copy: Weber Collection 1271; handwritten notes by Albrecht Weber.5DLC1 aParaba, Kāśīnātha Pāṇḍuraṅga.02aKāṭayavema,dactive 14th century-15th century.tKumārarājīya.